00611nam a2200193Ia 4500008004100000020001800041082001700059100001900076245004000095250000800135260003800143300002800181500001900209600001500228650001500243942000700258952013500265999001700400240925s9999 xx 000 0 und d a9789332559493 a658.1511 GUP aGupta, Ambrish 0aFinancial Accounting for Management a5th aIndia:bPearson Educationc,2018. axxv, 174p.b0fOriginal aIncludes Index aManagement aManagement cBK 001040708MANaUITUbUITUd2019-01-21eAllied Book Companyg613.60l0o658.1511 GUPpQ14074r2024-09-25 07:17:09w2024-09-25yBK c16573d16573